000 00546nam a2200169 4500
999 _c4279
_d4279
008 160903b xxu||||| |||| 00| 0 eng d
022 _a2094-8042
082 _aDPer 370.105 M72 Jan-Dec 2012 v. 60-61
100 _914000
_aPalaganas, Dianalyn
243 _aThe modern teacher
245 _aTechnology vs. traditional way/
_cDianalyn Palaganas.
260 _aPhilippines:
_bIn the Grade School, Inc.,
_c©2012.
300 _apage 45;
_c28 cm.
500 _aThe Modern Teacher
650 0 _914001
_aEducation
_xTechnology
942 _2ddc
_cPER